| 000 | 01053nam a2200241 a 4500 | ||
|---|---|---|---|
| 001 | BRCA_3517 | ||
| 005 | 20190320204322.0 | ||
| 008 | 260709s1852----mx-a---###---#000-0#spa-# | ||
| 041 | _aspa | ||
| 044 | _amx | ||
| 050 | 4 |
_aF1359 _b.I88 1852 |
|
| 245 | 1 | 0 |
_aEl istmo de Tehuantepec _bresultado del reconocimiento que para la construcción de un ferro-carril de comunicación entre los oceanos Atlántico y Pacífico ejecutó la comisión científica, bajo la dirección del Sr. J. Barnard... _cilustrado, arreglado y preparado por el ayudante pricipal J. J. Williams ; traducido al castellano por Francisco de Arrangoiz. |
| 260 |
_aMejico _bV. García Torres _c1852 |
||
| 300 |
_a326 p. _bil., 1 mapa plegable _c22 cm. |
||
| 500 | _aB121 | ||
| 650 | 1 | 4 |
_aFerrocarriles _99137 |
| 651 | 4 |
_aTehuantepec (Istmo) _xHistoria _99138 |
|
| 700 | 1 |
_aWilliams, John Jay _d1818-1904 _eil. _99139 |
|
| 700 | 1 |
_aArrangoiz y Berzabal, Francisco de Paula de _etr. _99140 |
|
| 710 | 2 |
_aTehuantepec Railroad Company of New Orleans _99141 |
|
| 902 | _aGFM | ||
| 942 |
_2lcc _cB |
||
| 999 |
_c3252 _d3252 |
||